Bridge maintenance : a report /

Bibliographic Details
Corporate Author: Organisation for Economic Co-operation and Development. Road Research Group
Format: Book
Language:English
Published: Paris : Organisation for Economic Co-operation and Development, 1981.
Series:Road transport research.
Subjects:

MARC

Tag First Indicator Second Indicator Subfields
LEADER 00000cam a2200000 a 4500
001 in00000082052
005 20151008055458.0
008 820121s1981 fr a b i00010 eng d
020 |a 9264122478 
035 |a (OCoLC)08082503 
035 |9 AAJ3571AM 
040 |a NYG  |c NYG  |d TXA  |d UtOrBLW 
049 |a TXAM  |c [1387520] 
090 |a TG315  |b .B7 
092 |a 624.28  |b O68, 82-75019 
245 0 0 |a Bridge maintenance :  |b a report /  |c prepared by an OECD Road Research Group. 
264 1 |a Paris :  |b Organisation for Economic Co-operation and Development,  |c 1981. 
300 |a 131 pages :  |b illustrations ;  |c 27 cm. 
336 |a text  |b txt  |2 rdacontent 
337 |a unmediated  |b n  |2 rdamedia 
338 |a volume  |b nc  |2 rdacarrier 
490 1 |a Road research 
500 |a "September 1981." 
504 |a Includes bibliographical references. 
650 0 |a Bridges  |x Maintenance and repair. 
710 2 |a Organisation for Economic Co-operation and Development.  |b Road Research Group. 
830 0 |a Road transport research. 
999 |a MARS 
999 f f |s 7f91420f-b9a8-3f3e-8332-a75f3a987a46  |i 1a2741c6-0ac7-3e0d-ac28-fdcd8d351f99  |t 0 
952 f f |p ric  |a Texas A&M University  |b Rellis Campus  |c Joint Library Facility  |d Remote Storage  |t 0  |e TG315 .B7  |h Library of Congress classification  |i unmediated -- volume  |m A14806247055 
998 f f |a TG315 .B7  |t 0  |l Remote Storage